000 00327nam a22001337a 4500
008 210226b ||||| |||| 00| 0 eng d
020 _a3086701289708
041 _aeng
080 _a338
100 _a53
101 _aMEN
245 _aStrategic Management in Public and Nonprofit Organizations
_cKoteen,J
942 _2udc
_cBK
999 _c55262
_d55262